| 000 -LEADER | |
|---|---|
| fixed length control field | 00465nam a22001697a 4500 |
| 005 - DATE AND TIME OF LATEST TRANSACTION | |
| control field | 20210310111718.0 |
| 008 - FIXED-LENGTH DATA ELEMENTS--GENERAL INFORMATION | |
| fixed length control field | 200317b xxu||||| |||| 00| 0 eng d |
| 020 ## - INTERNATIONAL STANDARD BOOK NUMBER | |
| ISBN | 9788123902739 |
| 041 ## - LANGUAGE CODE | |
| Language code of text/sound track or separate title | eng |
| 082 ## - DEWEY DECIMAL CLASSIFICATION NUMBER | |
| Classification number | 615.1 |
| 100 ## - MAIN ENTRY--AUTHOR NAME | |
| Personal name | GUPTA, ASHOK |
| 245 ## - TITLE STATEMENT | |
| Title | INTRODUCTION TO PHARMACEUTICS-I ( ACCORDING ------1991) |
| Statement of responsibility, etc | ASHOK GUPTA |
| 260 ## - PUBLICATION, DISTRIBUTION, ETC. (IMPRINT) | |
| Place of publication | NEW DELHI |
| Name of publisher | CBS PUBLISHERS AND DISTRIBUTORS |
| Year of publication | 2019 |
| 300 ## - PHYSICAL DESCRIPTION | |
| Number of Pages | 313 P. |
| 650 ## - SUBJECT ADDED ENTRY--TOPICAL TERM | |
| Topical Term | PHARMACY |
| 942 ## - ADDED ENTRY ELEMENTS (KOHA) | |
| Koha item type | Books |
| Lost status | Damaged status | Collection code | Home library | Current library | Shelving location | Date acquired | Source of acquisition | Cost, normal purchase price | Full call number | Accession Number | Koha item type |
|---|---|---|---|---|---|---|---|---|---|---|---|
| PHARMACY | JRU Library | JRU Library | Shelf - 23- B | 17/03/2020 | PURCHASE | 295.00 | 615.1 | 23740 | Books | ||
| PHARMACY | JRU Library | JRU Library | Shelf - 23- B | 17/03/2020 | PURCHASE | 295.00 | 615.1 | 23741 | Books | ||
| PHARMACY | JRU Library | JRU Library | Shelf - 23- B | 17/03/2020 | PURCHASE | 295.00 | 615.1 | 23742 | Books | ||
| PHARMACY | JRU Library | JRU Library | Shelf - 23- B | 17/03/2020 | PURCHASE | 295.00 | 615.1 | 23743 | Books | ||
| Reference | JRU Library | JRU Library | SHELF-4-C | 17/03/2020 | PURCHASE | 295.00 | 615.1 | 23744 | Books |